High frequency trading (Record no. 189699)

000 -LEADER
fixed length control field 00416nam a22001697a 4500
005 - DATE AND TIME OF LATEST TRANSACTION
control field 20220628111205.0
008 - FIXED-LENGTH DATA ELEMENTS--GENERAL INFORMATION
fixed length control field 220628b ||||| |||| 00| 0 eng d
040 ## - CATALOGING SOURCE
Transcribing agency AACR2
082 ## - DEWEY DECIMAL CLASSIFICATION NUMBER
Classification number 332.64
100 ## - MAIN ENTRY--PERSONAL NAME
Personal name Aldridge, Irene
9 (RLIN) 13236
245 ## - TITLE STATEMENT
Title High frequency trading
250 ## - EDITION STATEMENT
Edition statement 2nd
260 ## - PUBLICATION, DISTRIBUTION, ETC.
Place of publication, distribution, etc. New Jersey
Name of publisher, distributor, etc. Wiley
Date of publication, distribution, etc. 2010
300 ## - PHYSICAL DESCRIPTION
Extent XIII, 306p.
650 ## - SUBJECT ADDED ENTRY--TOPICAL TERM
Topical term or geographic name entry element Business strategy
9 (RLIN) 13237
942 ## - ADDED ENTRY ELEMENTS (KOHA)
Source of classification or shelving scheme
Koha item type Books
Holdings
Withdrawn status Lost status Source of classification or shelving scheme Damaged status Not for loan Collection code Home library Current library Date acquired Total Checkouts Full call number Barcode Date last seen Price effective from Koha item type
          Humanity Science Central Library Central Library 06/28/2022   332.64 ALD GF1477 06/28/2022 06/28/2022 Gift Books

Powered by Koha